Memoria que presenta el Vocal Secretario de la Comisión Permanente al Pleno de la Junta Provincial de Protección de Menores / Francisco de A. Manich Illa
Descripción Física:
46 p. : il., [4] p. de gràf. ; 20 cm
MARC
| LEADER | 00000nam a2200000Ia 4500 | ||
|---|---|---|---|
| 001 | 10935 | ||
| 008 | 160829s1947 xx 000 0 cat d | ||
| 080 | |a M-3-388 | ||
| 100 | |a Manich Illa, Francesc |9 24652 | ||
| 245 | |a Memoria que presenta el Vocal Secretario de la Comisión Permanente al Pleno de la Junta Provincial de Protección de Menores / Francisco de A. Manich Illa | ||
| 260 | |a Barcelona : |b (Horta, I.E.), |c 1947 | ||
| 300 | |a 46 p. : |b il., [4] p. de gràf. ; |c 20 cm | ||
| 650 | 0 | |a Infants |x Assistència institucional |x Barcelona (Catalunya : Província) |9 24657 | |
| 901 | |a Arxiu | ||
| 942 | |n 1 | ||
| 952 | |0 0 |1 0 |4 0 |6 M3388 |7 1 |9 43249 |a Arxiu |b Arxiu |d 2016-12-01 |l 0 |o M-3-388 |p 10935 |r 2016-12-01 00:00:00 |w 2016-12-01 |y ARXIU | ||
| 999 | |c 45793 |d 45793 | ||